Prediction and fulfillment in the Bible, (Record no. 129)
[ view plain ]
| 000 -LEADER | |
|---|---|
| fixed length control field | 00694cam a22002291 4500 |
| 001 - CONTROL NUMBER | |
| control field | 1225271 |
| 003 - CONTROL NUMBER IDENTIFIER | |
| control field | GBCCL |
| 005 - DATE AND TIME OF LATEST TRANSACTION | |
| control field | 20241126110331.0 |
| 008 - FIXED-LENGTH DATA ELEMENTS--GENERAL INFORMATION | |
| fixed length control field | 731212s1966 pau 000 0 eng |
| 010 ## - | |
| -- | 66020094 |
| 040 ## - CATALOGING SOURCE | |
| Original cataloging agency | DLC |
| Transcribing agency | DLC |
| Modifying agency | DLC |
| 050 00 - | |
| -- | BS647.2 |
| -- | .O9 |
| 082 00 - DEWEY DECIMAL CLASSIFICATION NUMBER | |
| Classification number | 220.15 |
| Item number | OXT |
| 100 1# - MAIN ENTRY--PERSONAL NAME | |
| Personal name | Oxtoby, Gurdon C. |
| 9 (RLIN) | 1832 |
| 245 10 - TITLE STATEMENT | |
| Title | Prediction and fulfillment in the Bible, |
| Statement of responsibility, etc. | by Gurdon C. Oxtoby. |
| 260 ## - PUBLICATION, DISTRIBUTION, ETC. | |
| Place of publication, distribution, etc. | Philadelphia, |
| Name of publisher, distributor, etc. | Westminster Press |
| Date of publication, distribution, etc. | [1966] |
| 300 ## - PHYSICAL DESCRIPTION | |
| Extent | 159 p. |
| Dimensions | 21 cm. |
| 630 00 - SUBJECT ADDED ENTRY--UNIFORM TITLE | |
| Uniform title | Bible |
| General subdivision | Prophecies. |
| 9 (RLIN) | 457 |
| 630 00 - SUBJECT ADDED ENTRY--UNIFORM TITLE | |
| Uniform title | Bible. |
| Name of part/section of a work | New Testament |
| General subdivision | Relation to the Old Testament. |
| 9 (RLIN) | 1833 |
| 906 ## - LOCAL DATA ELEMENT F, LDF (RLIN) | |
| a | 7 |
| b | cbc |
| c | orignew |
| d | u |
| e | ocip |
| f | 19 |
| g | y-gencatlg |
| 942 ## - ADDED ENTRY ELEMENTS (KOHA) | |
| Source of classification or shelving scheme | Dewey Decimal Classification |
| Koha item type | Books |
| Koha issues (borrowed), all copies | 1 |
| Withdrawn status | Lost status | Source of classification or shelving scheme | Damaged status | Not for loan | Home library | Current Library | Shelving location | Date acquired | Total checkouts | Full call number | Barcode | Date last seen | Date last checked out | Copy number | Price effective from | Koha item type |
|---|---|---|---|---|---|---|---|---|---|---|---|---|---|---|---|---|
| Dewey Decimal Classification | GRACE BIBLE COLLEGE | GRACE BIBLE COLLEGE | Biblical Studies | 2016-05-26 | 1 | 220.15 OXT | 004818 | 2025-05-01 | 2024-09-25 | c.1 | 2016-05-26 | Books |